Ratanlal and Dhirajlal Law of torts (Record no. 22654)

MARC details
000 -LEADER
fixed length control field 00445nam a2200169Ia 4500
008 - FIXED-LENGTH DATA ELEMENTS--GENERAL INFORMATION
fixed length control field 230917s9999||||xx |||||||||||||| ||und||
020 ## - ISBN
Price RS750
040 ## - CATALOGING SOURCE
-- 240227
Original cataloging agency VIVEKANANDA LIBRARY
041 ## - Language
-- English
082 ## - DDC NUMBER
Classification number 346.03 R187L(27)
100 ## - MAIN ENTRY--PERSONAL NAME
Personal name Ratanlal
245 #0 - TITLE STATEMENT
Title Ratanlal and Dhirajlal Law of torts
250 ## - EDITION STATEMENT
Edition statement 27th ed.
260 ## - PUBLICATION, DISTRIBUTION, ETC. (IMPRINT)
Place of publication, distribution, etc Gurgaon
Name of publisher, distributor, etc LexisNexis
Date of publication, distribution, etc 2016
500 ## - GENERAL NOTE
General note 2721 24/05/2017 HBD17/6988 14/06/2017 Main Budget
942 ## - ADDED ENTRY ELEMENTS (KOHA)
Koha item type Books
Holdings
Withdrawn status Lost status Damaged status Not for loan Location (home branch) Sublocation or collection (holding branch) Date acquired Koha issues (times borrowed) Koha full call number Accession No. Koha date last seen Koha item type
        VIVEKANANDA LIBRARY VIVEKANANDA LIBRARY 12/07/2017   346.03 R187L(27) 375486 17/09/2023 Books
        VIVEKANANDA LIBRARY VIVEKANANDA LIBRARY 12/07/2017   346.03 R187L(27) 375487 17/09/2023 Books
        VIVEKANANDA LIBRARY VIVEKANANDA LIBRARY 12/07/2017 1 346.03 R187L(27) 375488 25/11/2023 Books
        VIVEKANANDA LIBRARY VIVEKANANDA LIBRARY 12/07/2017   346.03 R187L(27) 375489 17/09/2023 Books
        VIVEKANANDA LIBRARY VIVEKANANDA LIBRARY 12/07/2017   346.03 R187L(27) 375490 17/09/2023 Books
© Designed and Maintained by Vivekananda Library, MDU Rohtak